Obloha

Bibliographic Details
Main Author: Solih, Muhammad, 1949- (Author)
Other Authors: Tokár, Milan, 1940- (Translator)
Format: Article
Language:Slovak
Russian
Subjects:

MARC

LEADER 00000nab a2200000 a 4500
001 vtls000394559
003 SK-MaSNL
005 20260304171957.0
008 111202c1990 xo 0 slo
015 |a SNBRB19rr/mm-uuuuu 
035 |a CL0394683 
040 |a SNKBUCL  |b slo  |c SNKBUCL  |e AACR2 
041 1 |a slo  |h rus 
044 |a xo  |c SK 
080 |a 894.375-1  |2 1981 
100 1 |a Solih, Muhammad,  |d 1949-  |4 aut  |9 1450620 
245 1 0 |a Obloha  |c Muhammad Solih ; preložil Milan Tokár 
500 |a V časti Poézia 
500 |a Pod spoločným názvom Nočné metafory 
655 7 |a články z novín a časopisov  |2 snkbucl  |9 267496 
655 7 |a články z odboru literárna veda a krásna literatúra  |2 snkbucl  |9 770045 
655 7 |a poézia v próze  |2 snkbucl  |9 285094 
655 7 |a uzbecká poézia  |2 snkbucl  |9 726204 
700 1 |a Tokár, Milan,  |d 1940-  |4 trl  |9 121104 
773 0 |t Sovětská literatura  |g Č. 8 (1990), s. 151 
850 |a Slovenská národná knižnica 
852 |a Slovenská národná knižnica 
958 |a RK 
958 |a LX 
958 |a SU 
992 |a RBX 
999 |c 2995813  |d 2997743